Normal view
MARC view
- Manni, Salvati Riccardo.
Entry Personal Name
001 - CONTROL NUMBER
- control field: 58811
003 - CONTROL NUMBER IDENTIFIER
- control field: OSt
005 - DATE AND TIME OF LATEST TRANSACTION
- control field: 20240821174349.0
008 - FIXED-LENGTH DATA ELEMENTS
- fixed length control field: 240821|| aca||aabn | a|a d
040 ## - CATALOGING SOURCE
- Original cataloging agency: OSt
- Transcribing agency: OSt
100 ## - HEADING--PERSONAL NAME
- Personal name: Manni, Salvati Riccardo.
- Relator term: author.
670 ## - SOURCE DATA FOUND
- Source citation: Work cat.: (OSt): Freitag, Eberhard. author. 58810, On the variety associated to the ring of theta constants in genus 3 /, June 2019.
